000 00563nam a2200241Ia 4500
001 14471
003 GE_BSU
008 181216s||||||||xx |||||||||||||| ||und||
020 _a0140319042
040 _cGE_BSU
080 _a82-93
100 _aPatten,Brian
245 _aGargling With Jelly
245 2 _bA Collection of Poems
245 _cIllustrated by David Mostyn
260 _aNew York
260 _bPuffin books
260 _c1985
300 _a125p.20cm.ill.
653 _aA Collection of Poems
653 _aGargling With Jelly
942 _cBK
999 _c47602
_d47602